[Event "Politiken Cup 2008"]
[Site "Helsingør DEN"]
[Date "2008.07.22"]
[Round "5.94"]
[White "Salomonsen, Sixten"]
[Black "Klein, Gernot Dr"]
[Result "1/2-1/2"]
[WhiteElo "1868"]
[BlackElo "2011"]
[PlyCount "167"]
[EventDate "2008.07.20"]
[EventType "swiss"]
[EventRounds "9"]
[EventCountry "DEN"]
[Source "lmi"]
[SourceDate "2008.07.20"]
[WhiteTeam "HG Schack Helsingborg"]
[BlackTeam "Post Telekom Aachen"]

1. e4 c5 2. Nc3 e6 3. g3 d5 4. exd5 exd5 5. Bg2 Nf6 6. d3 d4 7. Ne4 Nxe4 8.
Bxe4 Nd7 9. Ne2 Nf6 10. Bg2 Bd6 11. O-O O-O 12. Bf4 Re8 13. Re1 Rb8 14. Qd2 h6
15. a3 Be6 16. Bxd6 Qxd6 17. Nf4 Bd7 18. Rxe8+ Rxe8 19. Re1 Rxe1+ 20. Qxe1 b6
21. h4 Kf8 22. Kf1 Ng4 23. Qe4 Qb8 24. Qa8 Qxa8 25. Bxa8 Ba4 26. b3 Bd7 27. Ke2
Ke7 28. a4 Kd6 29. Be4 Ne5 30. Ng2 Nc6 31. Ne1 Nb4 32. f4 Na2 33. Kd2 Nc3 34.
Bf3 Nd5 35. Bxd5 Kxd5 36. Nf3 f6 37. Nh2 h5 38. Nf3 Bg4 39. Nh2 Bh3 40. Ke2 Bd7
41. Kf3 Ke6 42. Kf2 Bc6 43. Ke2 Kf5 44. Kf2 b5 45. axb5 Bxb5 46. Ke2 a5 47. Kd2
Bc6 48. Ke2 a4 49. bxa4 Bxa4 50. Kd2 Bc6 51. Ke2 Bg2 52. Kf2 Bd5 53. Ke2 c4 54.
Kd2 c3+ 55. Ke2 Bc6 56. Ke1 Ba4 57. Kd1 Bc6 58. Ke2 Ke6 59. Ke1 Kd6 60. Kd1 Bg2
61. Ke1 Kc5 62. Kd1 Kb4 63. Kc1 Ka3 64. Kb1 f5 65. Ka1 Bd5 66. Kb1 Ba2+ 67. Kc1
Bd5 68. Kb1 Bc6 69. Ka1 Bg2 70. Kb1 Bh3 71. Ka1 Bg2 72. Kb1 Kb4 73. Kc1 Bd5 74.
Kb1 Bg2 75. Kc1 Kc5 76. Kd1 Bh3 77. Kc1 Kd5 78. Kd1 Bg2 79. Kc1 Bh1 80. Kd1 Ke6
81. Ke1 Bc6 82. Kd1 Bg2 83. Kc1 Kd5 84. Kd1 1/2-1/2

[Event "Politiken Cup 2008"]
[Site "Helsingør DEN"]
[Date "2008.07.22"]
[Round "5.95"]
[White "Sjol, Henrik"]
[Black "Svanholm, Borge Waaktaar"]
[Result "1/2-1/2"]
[WhiteElo "1860"]
[BlackElo "2003"]
[PlyCount "43"]
[EventDate "2008.07.20"]
[EventType "swiss"]
[EventRounds "9"]
[EventCountry "DEN"]
[Source "lmi"]
[SourceDate "2008.07.20"]
[WhiteTeam "Akademisk"]
[BlackTeam "SK Stjernen"]

1. e4 c5 2. Nf3 d6 3. d4 cxd4 4. Nxd4 Nf6 5. Nc3 a6 6. Be2 e5 7. Nb3 Be7 8. O-O
O-O 9. Be3 Nc6 10. Kh1 b5 11. a3 Be6 12. f3 d5 13. exd5 Nxd5 14. Nxd5 Bxd5 15.
Nc5 Na5 16. b4 Nc4 17. Bf2 Qd6 18. Nxa6 Qxa6 19. Bc5 Qe6 20. Bxe7 Rfe8 21. Bc5
Rxa3 22. Rxa3 1/2-1/2

[Event "Politiken Cup 2008"]
[Site "Helsingør DEN"]
[Date "2008.07.22"]
[Round "5.96"]
[White "Hansen, Rene Rauer"]
[Black "Andersen, Guttorm"]
[Result "1-0"]
[WhiteElo "2001"]
[BlackElo "1830"]
[PlyCount "63"]
[EventDate "2008.07.20"]
[EventType "swiss"]
[EventRounds "9"]
[EventCountry "DEN"]
[Source "lmi"]
[SourceDate "2008.07.20"]
[WhiteTeam "Læseforeningen"]
[BlackTeam "SK Stjernen"]

1. e4 d5 2. exd5 Nf6 3. d4 Nxd5 4. c4 Nb6 5. Nc3 g6 6. Be3 Bg7 7. h3 O-O 8. Nf3
Re8 9. Be2 e5 10. dxe5 Qe7 11. c5 N6d7 12. Nd5 Qd8 13. Bg5 f6 14. exf6 Nxf6 15.
Nxf6+ Bxf6 16. Qxd8 Bxd8 17. Bxd8 Rxd8 18. Bc4+ Kg7 19. O-O Na6 20. Bxa6 bxa6
21. Rfe1 Kf6 22. Rad1 Bb7 23. Ne5 Bd5 24. Ng4+ Kf7 25. Rd4 g5 26. Red1 Ke6 27.
c6 Rab8 28. Ne3 Rb5 29. a4 Rc5 30. b4 Rxc6 31. Nxd5 Ke5 32. Ne7 1-0

[Event "Politiken Cup 2008"]
[Site "Helsingør DEN"]
[Date "2008.07.22"]
[Round "5.97"]
[White "Jorgensen, Arne Bjorn"]
[Black "Rolvaag, Birk Anders"]
[Result "0-1"]
[WhiteElo "1984"]
[BlackElo "1829"]
[PlyCount "72"]
[EventDate "2008.07.20"]
[EventType "swiss"]
[EventRounds "9"]
[EventCountry "DEN"]
[Source "lmi"]
[SourceDate "2008.07.20"]
[WhiteTeam "Rudersdal"]
[BlackTeam "Narvik"]

1. Nf3 c5 2. g3 Nc6 3. Bg2 g6 4. O-O Bg7 5. c4 d6 6. Nc3 Nf6 7. d3 O-O 8. a3
Rb8 9. Bd2 a6 10. Rb1 b5 11. cxb5 axb5 12. b4 cxb4 13. axb4 Bd7 14. h3 h6 15.
Re1 Ne8 16. e4 Kh7 17. Nd5 e6 18. Nf4 Nc7 19. h4 e5 20. Nh3 Ne6 21. Kh2 Ned4
22. Nxd4 Nxd4 23. f4 f5 24. Rf1 Ra8 25. h5 Ra2 26. hxg6+ Kxg6 27. fxe5 Bxe5 28.
Nf4+ Kh7 29. Qh5 Qg5 30. Qxg5 hxg5 31. Nh3 Rxd2 32. Nxg5+ Kg6 33. Nf3 Rh8+ 34.
Kg1 Bxg3 35. Nxd4 Bh2+ 36. Kh1 Be5+ 0-1

[Event "Politiken Cup 2008"]
[Site "Helsingør DEN"]
[Date "2008.07.22"]
[Round "5.98"]
[White "Boje, Tobias"]
[Black "Lyngsjo, Gert"]
[Result "1-0"]
[WhiteElo "1979"]
[BlackElo "1811"]
[PlyCount "109"]
[EventDate "2008.07.20"]
[EventType "swiss"]
[EventRounds "9"]
[EventCountry "DEN"]
[Source "lmi"]
[SourceDate "2008.07.20"]
[WhiteTeam "Viby"]
[BlackTeam "SK Bara Bønder"]

1. e4 d6 2. d4 Nf6 3. Nc3 g6 4. f4 Bg7 5. Nf3 c5 6. Bb5+ Bd7 7. e5 Ng4 8. h3
Bxb5 9. Nxb5 Qa5+ 10. Nc3 cxd4 11. Qxd4 Nh6 12. Qd5 Qxd5 13. Nxd5 Na6 14. exd6
exd6 15. O-O O-O 16. c3 Rfe8 17. Bd2 Re2 18. Rfe1 Rae8 19. Rxe2 Rxe2 20. g4 Nc5
21. Kf1 Re4 22. f5 Kh8 23. f6 Bf8 24. Rd1 Nd7 25. b3 Re8 26. Re1 Rc8 27. Bf4
Nc5 28. Bd2 Ne6 29. Re4 Rc5 30. c4 Rc8 31. Re2 b6 32. Be3 Nc5 33. Bxc5 dxc5 34.
Nd2 Bd6 35. Ne4 Bb8 36. Nec3 Rd8 37. Re7 Kg8 38. Nb5 a6 39. Nbc3 b5 40. Ne4
bxc4 41. bxc4 a5 42. Rb7 Kf8 43. Nxc5 Bd6 44. Ne4 Bb8 45. Nb6 Bf4 46. c5 Be3
47. Nd7+ Kg8 48. c6 Bf4 49. c7 Rc8 50. Rb8 Rxb8 51. cxb8=Q+ Bxb8 52. Nxb8 Kf8
53. Nd6 g5 54. Ke2 Ng8 55. Nd7# 1-0

[Event "Politiken Cup 2008"]
[Site "Helsingør DEN"]
[Date "2008.07.22"]
[Round "5.99"]
[White "Glibstrup, Jakob"]
[Black "Wimo, Jorgen"]
[Result "0-1"]
[WhiteElo "1971"]
[BlackElo "1809"]
[PlyCount "148"]
[EventDate "2008.07.20"]
[EventType "swiss"]
[EventRounds "9"]
[EventCountry "DEN"]
[Source "lmi"]
[SourceDate "2008.07.20"]
[WhiteTeam "Skive"]
[BlackTeam "Ålsgårde"]

1. d4 d5 2. c4 c6 3. Nc3 e6 4. Nf3 Nf6 5. Bg5 Nbd7 6. e4 dxe4 7. Nxe4 Qa5+ 8.
Bd2 Bb4 9. Nd6+ Ke7 10. Nxc8+ Raxc8 11. Bd3 Rhd8 12. O-O Bxd2 13. Nxd2 Kf8 14.
Qc2 h6 15. a3 Qh5 16. Nf3 e5 17. dxe5 Nxe5 18. Nxe5 Qxe5 19. Rfe1 Qc7 20. Bf5
Rb8 21. Rad1 Rxd1 22. Rxd1 Rd8 23. Rxd8+ Qxd8 24. Qd3 Qxd3 25. Bxd3 Ke7 26. b4
Nd7 27. f4 c5 28. Kf2 b6 29. Ke3 Ke6 30. g4 Kd6 31. h4 f6 32. b5 Nf8 33. h5 Ne6
34. Ke4 Nd4 35. Bb1 Ke6 36. Bd3 f5+ 37. gxf5+ Nxf5 38. Kf3 Ne7 39. Bf1 Kf6 40.
Bh3 Nf5 41. Bg4 Nd6 42. Bd7 Nxc4 43. Ke4 Ke7 44. Bc6 Nd6+ 45. Ke5 Nc4+ 46. Ke4
Nd6+ 47. Ke3 Kf6 48. a4 Nf5+ 49. Kf2 Nd4 50. Be4 Ne6 51. Ke3 Nf8 52. Kf3 Ne6
53. Ke3 Nd4 54. Bd3 Ke6 55. Be4 Nf5+ 56. Kf3 c4 57. Bb1 Nd6 58. Ke3 Kd5 59. Bh7
Nb7 60. Bg6 Nd6 61. Bb1 Kc5 62. Bc2 Ne8 63. Bd1 Nf6 64. f5 Kb4 65. Kd4 c3 66.
Ke5 Nxh5 67. Kd4 Nf6 68. Bc2 h5 69. Ke5 Ka3 70. Ke6 Kb2 71. Bd3 c2 72. Bxc2
Kxc2 73. Kf7 h4 74. Kxg7 Ne4 0-1

[Event "Politiken Cup 2008"]
[Site "Helsingør DEN"]
[Date "2008.07.22"]
[Round "5.100"]
[White "Henrichsen, Jens"]
[Black "Jogvansson, Hjalti Toftum"]
[Result "1-0"]
[WhiteElo "1966"]
[BlackElo "1750"]
[PlyCount "97"]
[EventDate "2008.07.20"]
[EventType "swiss"]
[EventRounds "9"]
[EventCountry "DEN"]
[Source "lmi"]
[SourceDate "2008.07.20"]
[WhiteTeam "AS04"]
[BlackTeam "Havnar Telvingarfelag"]

1. d4 Nf6 2. c4 c5 3. d5 b5 4. cxb5 a6 5. f3 axb5 6. e4 d6 7. Bxb5+ Nbd7 8. a4
Ba6 9. Na3 g6 10. Ne2 Bxb5 11. Nxb5 Bg7 12. O-O O-O 13. Ra3 Ne8 14. b3 Qb6 15.
Be3 Ne5 16. h3 Nc7 17. Nxc7 Qxc7 18. f4 Nd7 19. Qc2 Qb6 20. Rb1 Qb4 21. Ra2 Nf6
22. Nc3 Nh5 23. Nb5 Ng3 24. e5 Ne4 25. Rc1 Rfc8 26. Qc4 dxe5 27. Qxb4 cxb4 28.
Rxc8+ Rxc8 29. a5 exf4 30. Bxf4 Nc3 31. Nxc3 bxc3 32. a6 Bd4+ 33. Kf1 c2 34.
Bc1 Ba7 35. b4 f6 36. Ke2 Kf7 37. Kd3 Rd8 38. Kc4 Rc8+ 39. Kb3 Rd8 40. Rxc2
Rxd5 41. Rc7 Bf2 42. Kc4 Rd4+ 43. Kc3 Rd5 44. Bb2 Ke6 45. Kc4 Rd8 46. b5 Rb8
47. Ba3 Re8 48. Bc5 Bg3 49. Rxe7+ 1-0

[Event "Politiken Cup 2008"]
[Site "Helsingør DEN"]
[Date "2008.07.22"]
[Round "5.101"]
[White "Grass, Ernest"]
[Black "Mæchel, Michael"]
[Result "1-0"]
[WhiteElo "1953"]
[BlackElo "1743"]
[PlyCount "51"]
[EventDate "2008.07.20"]
[EventType "swiss"]
[EventRounds "9"]
[EventCountry "DEN"]
[Source "lmi"]
[SourceDate "2008.07.20"]
[WhiteTeam "Schachfreunde Braunfelds"]
[BlackTeam "Ålsgårde"]

1. e4 c5 2. Nc3 d6 3. g3 Nf6 4. Bg2 g6 5. Nge2 Bg7 6. O-O O-O 7. d3 Nc6 8. f4
Bg4 9. h3 Bxe2 10. Nxe2 Qb6 11. Kh2 Rac8 12. c3 Rfe8 13. g4 Qc7 14. Ng3 e6 15.
g5 Nd7 16. h4 f5 17. h5 e5 18. exf5 exf4 19. Bxf4 Be5 20. Bd5+ Kh8 21. hxg6
Bxf4 22. Rxf4 Nb6 23. Bf7 Re7 24. Qh5 Rxf7 25. gxf7 Qe7 26. Rh4 1-0

[Event "Politiken Cup 2008"]
[Site "Helsingør DEN"]
[Date "2008.07.22"]
[Round "5.102"]
[White "Jacobsen, Mads-Holger"]
[Black "Rasmussen, Henning"]
[Result "0-1"]
[WhiteElo "1831"]
[BlackElo "1953"]
[PlyCount "84"]
[EventDate "2008.07.20"]
[EventType "swiss"]
[EventRounds "9"]
[EventCountry "DEN"]
[Source "lmi"]
[SourceDate "2008.07.20"]
[WhiteTeam "K41"]
[BlackTeam "Nykøbing Sj"]

1. d4 Nf6 2. c4 c5 3. d5 b5 4. cxb5 a6 5. bxa6 g6 6. Nc3 Bxa6 7. g3 d6 8. Bg2
Bg7 9. Nf3 O-O 10. O-O Nbd7 11. Rb1 Qc7 12. Re1 Rfb8 13. e4 Ng4 14. Qc2 Nge5
15. Nxe5 Nxe5 16. Rd1 c4 17. Ne2 Qa5 18. b3 cxb3 19. axb3 Rc8 20. Qd2 Qxd2 21.
Rxd2 Bd3 22. Rxd3 Nxd3 23. Be3 Ra1 24. Rxa1 Bxa1 25. Nd4 Bxd4 26. Bxd4 Rc1+ 27.
Bf1 Rb1 28. Be3 Rxb3 29. Bxd3 Rxd3 30. Kf1 f5 31. exf5 gxf5 32. Bg5 Kf7 33. Ke2
Rxd5 34. Ke3 e5 35. h3 Ke6 36. f3 Rb5 37. g4 Rb3+ 38. Kf2 d5 39. Be3 Rb2+ 40.
Kg1 d4 41. Bf2 d3 42. Kf1 Rb1+ 0-1

[Event "Politiken Cup 2008"]
[Site "Helsingør DEN"]
[Date "2008.07.22"]
[Round "5.103"]
[White "Nielsen, Kai Gylling"]
[Black "Andersen, Dag"]
[Result "0-1"]
[WhiteElo "1829"]
[BlackElo "1944"]
[PlyCount "64"]
[EventDate "2008.07.20"]
[EventType "swiss"]
[EventRounds "9"]
[EventCountry "DEN"]
[Source "lmi"]
[SourceDate "2008.07.20"]
[WhiteTeam "Roskilde"]
[BlackTeam "Indre Østfolds Sjakkselskab"]

1. e4 e6 2. Nf3 d5 3. exd5 exd5 4. d4 Nf6 5. Bd3 Bd6 6. Bg5 Nc6 7. c3 Be6 8.
Nbd2 h6 9. Bh4 g5 10. Bg3 Qe7 11. O-O O-O-O 12. Re1 Bxg3 13. fxg3 Qf8 14. b4
Qg7 15. b5 Ne7 16. a4 h5 17. a5 h4 18. gxh4 gxh4 19. b6 Rdg8 20. Bf1 a6 21.
bxc7 Nf5 22. Qb3 Nh5 23. Rab1 Nd6 24. Rb2 Nf4 25. Nb1 Qg4 26. Ne5 Qh3 27. Qb6
Nb5 28. Na3 Qxc3 29. Nxb5 axb5 30. Reb1 Qe3+ 31. Kh1 Nh3 32. a6 Qg1# 0-1

[Event "Politiken Cup 2008"]
[Site "Helsingør DEN"]
[Date "2008.07.22"]
[Round "5.105"]
[White "Moe, Pål"]
[Black "Helin, Mikael"]
[Result "1-0"]
[WhiteElo "1431"]
[BlackElo "1933"]
[PlyCount "69"]
[EventDate "2008.07.20"]
[EventType "swiss"]
[EventRounds "9"]
[EventCountry "DEN"]
[Source "lmi"]
[SourceDate "2008.07.20"]
[WhiteTeam "OSS"]
[BlackTeam "Stockholm SS"]

1. e4 c5 2. Nf3 Nc6 3. d4 cxd4 4. Nxd4 a6 5. Nc3 e6 6. Nb3 Qc7 7. Be3 Nf6 8. a3
Ne5 9. Be2 b5 10. O-O h5 11. g3 Bb7 12. Bf4 Nxe4 13. Nxe4 Bxe4 14. Qd4 Qxc2 15.
Bxe5 f6 16. Bf4 e5 17. Bxe5 fxe5 18. Qxe5+ Kd8 19. Nd4 d6 20. Qg5+ Be7 21. Qxg7
Kd7 22. Nxc2 Bxc2 23. Bf3 Rhg8 24. Qd4 Rac8 25. Rac1 Rg5 26. Rfe1 Rgc5 27. Qg7
Re8 28. Bxh5 Rxh5 29. Rxc2 Rc5 30. Rce2 Kc6 31. Rxe7 Ra8 32. Rc7+ Kd5 33. Qf7+
Kd4 34. Rd1+ Ke4 35. Qf4# 1-0

[Event "Politiken Cup 2008"]
[Site "Helsingør DEN"]
[Date "2008.07.22"]
[Round "5.106"]
[White "Nielsen, Preben"]
[Black "Kopansky, Lorentz"]
[Result "1-0"]
[WhiteElo "1921"]
[BlackElo "1463"]
[PlyCount "111"]
[EventDate "2008.07.20"]
[EventType "swiss"]
[EventRounds "9"]
[EventCountry "DEN"]
[Source "lmi"]
[SourceDate "2008.07.20"]
[WhiteTeam "Ålsgårde"]
[BlackTeam "HSK Post Hanover"]

1. e4 e5 2. Nf3 Nc6 3. d4 exd4 4. Nxd4 Bc5 5. Nb3 Bb6 6. Nc3 Nf6 7. Bf4 Qe7 8.
f3 d6 9. Qd2 Be6 10. O-O-O O-O-O 11. Nd5 Bxd5 12. exd5 Ne5 13. Re1 Rhe8 14. Bb5
Nfd7 15. Bg3 a6 16. Bd3 Nxd3+ 17. Qxd3 Qg5+ 18. f4 Qg6 19. Qf3 Nf6 20. Bh4
Rxe1+ 21. Rxe1 Re8 22. Rxe8+ Nxe8 23. Qe2 f6 24. Be1 Qf7 25. c4 Kd8 26. Bd2 Qe7
27. Qd3 g6 28. Kc2 f5 29. Nd4 Qe4 30. Qxe4 fxe4 31. Ne6+ Ke7 32. Bc3 c6 33. Ng5
Nf6 34. dxc6 bxc6 35. Bxf6+ Kxf6 36. Nxe4+ Kf5 37. Nxd6+ Kxf4 38. Kd3 Bg1 39.
Ne4 a5 40. h3 c5 41. b3 Bd4 42. g3+ Kf3 43. g4 Kg2 44. Ng5 h5 45. gxh5 gxh5 46.
Ne6 Bf2 47. Nf4+ Kg3 48. Nxh5+ Kxh3 49. Ke4 Be1 50. Kd5 Bb4 51. Nf4+ Kg3 52.
Nd3 Bc3 53. Kxc5 Kf3 54. Kb5 Ke3 55. Nc5 Kd4 56. Nb7 1-0

[Event "Politiken Cup 2008"]
[Site "Helsingør DEN"]
[Date "2008.07.22"]
[Round "5.107"]
[White "Frisvold, Ole Emil"]
[Black "Marshall, Michael"]
[Result "1-0"]
[WhiteElo "1284"]
[BlackElo "1917"]
[PlyCount "129"]
[EventDate "2008.07.20"]
[EventType "swiss"]
[EventRounds "9"]
[EventCountry "DEN"]
[Source "lmi"]
[SourceDate "2008.07.20"]
[WhiteTeam "Bergens"]
[BlackTeam "Odysseus"]

1. d4 d5 2. c4 e6 3. Nf3 Nf6 4. Bg5 Be7 5. Nc3 O-O 6. e3 h6 7. h4 Nbd7 8. cxd5
exd5 9. Ne5 c6 10. f4 Nxe5 11. fxe5 Ng4 12. Bxe7 Qxe7 13. Qe2 Be6 14. O-O-O
Rfd8 15. Re1 h5 16. Qd2 a6 17. Na4 Bf5 18. Nb6 Rab8 19. a4 c5 20. a5 c4 21. g3
c3 22. bxc3 Qa3+ 23. Qb2 Qxa5 24. Kd2 Nf2 25. Bg2 Nd3 26. Ra1 Nxb2 27. Rxa5 Be4
28. Bxe4 dxe4 29. Rf1 Nd3 30. Nc4 Rbc8 31. Nd6 Rc7 32. Nxe4 Nb2 33. Rc5 Rxc5
34. Nxc5 Nc4+ 35. Ke2 Rc8 36. Rb1 Na5 37. Kd3 Kf8 38. Ra1 Nc6 39. Nxb7 a5 40.
Nxa5 Ra8 41. Nb3 Rb8 42. Nc5 Rc8 43. Ne4 Rd8 44. Nd6 f6 45. Rf1 Kg8 46. Ke4
fxe5 47. dxe5 Ne7 48. c4 Rd7 49. c5 Rc7 50. Rf7 Ra7 51. Rxe7 Rxe7 52. c6 Rc7
53. Kd5 Kf8 54. Nb5 Rc8 55. Kd6 Rd8+ 56. Kc7 Rd1 57. Kb6 Ke7 58. c7 Rc1 59. Kb7
Ke6 60. c8=Q+ Rxc8 61. Kxc8 Kxe5 62. Nd4 g6 63. Kd7 Ke4 64. Ke6 Kxe3 65. Kf6
1-0

[Event "Politiken Cup 2008"]
[Site "Helsingør DEN"]
[Date "2008.07.22"]
[Round "5.108"]
[White "Benediktsson, Frimann"]
[Black "Johansen, Anders Sten"]
[Result "1/2-1/2"]
[WhiteElo "1915"]
[BlackElo "1615"]
[PlyCount "48"]
[EventDate "2008.07.20"]
[EventType "swiss"]
[EventRounds "9"]
[EventCountry "DEN"]
[Source "lmi"]
[SourceDate "2008.07.20"]
[WhiteTeam "Taflfelag Rejkjavikur"]
[BlackTeam "Follo"]

1. d4 Nf6 2. c4 g6 3. Nc3 Bg7 4. e4 d6 5. Be2 O-O 6. Nf3 Na6 7. O-O e5 8. Re1
Bg4 9. dxe5 Bxf3 10. Bxf3 dxe5 11. Be3 c6 12. h3 Qe7 13. Qe2 b6 14. Rac1 Rad8
15. a3 Nc5 16. Bxc5 Qxc5 17. b4 Qe7 18. Qc2 Bh6 19. Rcd1 Rxd1 20. Rxd1 Rd8 21.
g3 Rxd1+ 22. Qxd1 Qe6 23. Qd3 Qxh3 24. b5 Qe6 1/2-1/2

[Event "Politiken Cup 2008"]
[Site "Helsingør DEN"]
[Date "2008.07.22"]
[Round "5.109"]
[White "Stockhaug, Jon Arne"]
[Black "Svendsen, Peter"]
[Result "0-1"]
[WhiteElo "1682"]
[BlackElo "2014"]
[PlyCount "111"]
[EventDate "2008.07.20"]
[EventType "swiss"]
[EventRounds "9"]
[EventCountry "DEN"]
[Source "lmi"]
[SourceDate "2008.07.20"]
[WhiteTeam "Stjordal"]
[BlackTeam "Hillerød"]

1. d4 g6 2. g3 Bg7 3. Bg2 d6 4. Nf3 Nf6 5. O-O O-O 6. c4 a6 7. Nc3 Nc6 8. Bg5
Bf5 9. Re1 Ne4 10. Nxe4 Bxe4 11. Be3 Rb8 12. Qd2 Qd7 13. d5 Bxf3 14. exf3 Ne5
15. Rac1 Qf5 16. Red1 Nxf3+ 17. Bxf3 Qxf3 18. Bd4 e5 19. dxe6 fxe6 20. Bxg7
Kxg7 21. Qc3+ Qxc3 22. Rxc3 Rf5 23. b3 g5 24. Kg2 Rbf8 25. Rd2 g4 26. Re3 R8f6
27. Rde2 Kf7 28. Rd3 e5 29. Rdd2 Ke6 30. h3 h5 31. hxg4 hxg4 32. Rd1 c6 33. Rh1
d5 34. Rh4 Rg5 35. Rh7 Rf7 36. Rh6+ Kf5 37. cxd5 cxd5 38. Rd6 d4 39. Rd5 Kf6
40. Rd6+ Kg7 41. Re6 Rd7 42. R2xe5 Rxe5 43. Rxe5 Kf6 44. Re2 d3 45. Rd2 Ke5 46.
f4+ Kd4 47. Kf2 Kc3 48. Ke1 Re7+ 49. Kd1 Re3 50. Rg2 Rf3 51. Rg1 Rf2 52. Ke1
Rxa2 53. f5 Ra1+ 54. Kf2 Rxg1 55. Kxg1 d2 56. f6 0-1

[Event "Politiken Cup 2008"]
[Site "Helsingør DEN"]
[Date "2008.07.22"]
[Round "5.110"]
[White "Eiholt, Bjarne"]
[Black "Ochsner, Bjorn Moller"]
[Result "0-1"]
[WhiteElo "1669"]
[BlackElo "1963"]
[PlyCount "72"]
[EventDate "2008.07.20"]
[EventType "swiss"]
[EventRounds "9"]
[EventCountry "DEN"]
[Source "lmi"]
[SourceDate "2008.07.20"]
[WhiteTeam "K41"]
[BlackTeam "Århus/skolerne"]

1. d4 Nf6 2. c4 g6 3. Nc3 Bg7 4. Bf4 d6 5. h3 O-O 6. Nf3 c6 7. e3 a6 8. Be2 b5
9. cxb5 axb5 10. Rc1 Qa5 11. Nd2 b4 12. Nb3 Qa7 13. Nb1 Qxa2 14. N1d2 Qa7 15.
O-O Be6 16. Bg5 h6 17. Bh4 Qb7 18. Bxf6 Bxf6 19. Nc4 Rc8 20. Nca5 Qb6 21. Nc4
Qd8 22. Bg4 Bxg4 23. Qxg4 Nd7 24. h4 Bg7 25. Qf3 h5 26. Ncd2 c5 27. Rc2 cxd4
28. Rxc8 Rxc8 29. exd4 Rc2 30. Qb7 Nb6 31. Re1 e6 32. Rc1 Rxc1+ 33. Nxc1 Bxd4
34. b3 Qxh4 35. Nf3 Qxf2+ 36. Kh1 Qf1+ 0-1

[Event "Politiken Cup 2008"]
[Site "Helsingør DEN"]
[Date "2008.07.22"]
[Round "5.112"]
[White "Nielsen, Jens Holm"]
[Black "Næsborg, Jens Olav"]
[Result "1/2-1/2"]
[WhiteElo "1943"]
[BlackElo "1668"]
[PlyCount "99"]
[EventDate "2008.07.20"]
[EventType "swiss"]
[EventRounds "9"]
[EventCountry "DEN"]
[Source "lmi"]
[SourceDate "2008.07.20"]
[WhiteTeam "Amager"]
[BlackTeam "Torshavn"]

1. Nc3 c5 2. f4 d5 3. e4 d4 4. Nce2 Nc6 5. Ng3 e6 6. Nf3 Qc7 7. d3 Nge7 8. Be2
Ng6 9. e5 b6 10. O-O Bb7 11. c3 O-O-O 12. cxd4 h5 13. Ne4 Nxd4 14. Nxd4 Rxd4
15. Be3 Rd7 16. Qe1 Kb8 17. Rc1 Bxe4 18. dxe4 Qb7 19. Bf3 Be7 20. Rd1 Rc7 21.
Qc3 Nh4 22. Rd2 Nxf3+ 23. gxf3 Rg8 24. Kh1 Qa6 25. Rfd1 Qxa2 26. b4 Qa6 27.
bxc5 Bxc5 28. f5 Bxe3 29. Qxe3 Rgc8 30. Qg5 Rc2 31. fxe6 fxe6 32. Rxc2 Rxc2 33.
Qd8+ Qc8 34. Qg5 Kb7 35. Qxg7+ Rc7 36. Qg6 Rc1 37. Qg1 Rxd1 38. Qxd1 a5 39. Kg2
b5 40. f4 Qc6 41. Qd3 a4 42. f5 exf5 43. Qd5 fxe4 44. Qf7+ Kc8 45. Qf8+ Kd7 46.
Qf7+ Kd8 47. Qf8+ Qe8 48. Qf6+ Kc8 49. Qa6+ Kd8 50. Qf6+ 1/2-1/2

[Event "Politiken Cup 2008"]
[Site "Helsingør DEN"]
[Date "2008.07.22"]
[Round "5.113"]
[White "Skov, Palle"]
[Black "Bernard, Leif"]
[Result "1-0"]
[WhiteElo "1910"]
[BlackElo "1643"]
[PlyCount "71"]
[EventDate "2008.07.20"]
[EventType "swiss"]
[EventRounds "9"]
[EventCountry "DEN"]
[Source "lmi"]
[SourceDate "2008.07.20"]
[WhiteTeam "Hillerød"]
[BlackTeam "Enkeltmedlem"]

1. c4 e5 2. Nc3 Nf6 3. Nf3 d6 4. d3 g6 5. g3 Bg7 6. Bg2 c6 7. O-O Nbd7 8. Qc2
O-O 9. Rb1 a5 10. a3 Nc5 11. b4 axb4 12. axb4 Ne6 13. Bd2 Qe7 14. b5 Bd7 15.
bxc6 Bxc6 16. Nb5 Rac8 17. Bc3 Nd7 18. Qd2 f5 19. Bb4 Bxb5 20. cxb5 Ndc5 21.
Rfc1 Qd7 22. Ng5 d5 23. Nxe6 Nxe6 24. Rxc8 Rxc8 25. Qa2 e4 26. dxe4 dxe4 27. e3
h5 28. Qb3 Kh7 29. Rd1 Qe8 30. h4 b6 31. Rd6 Nc5 32. Bxc5 bxc5 33. Bf1 Bf8 34.
Ra6 Qd8 35. Qf7+ Kh8 36. Rxg6 1-0

[Event "Politiken Cup 2008"]
[Site "Helsingør DEN"]
[Date "2008.07.22"]
[Round "5.114"]
[White "Jensen, Hans Askov"]
[Black "Nord, Michael"]
[Result "0-1"]
[WhiteElo "1630"]
[BlackElo "1889"]
[PlyCount "46"]
[EventDate "2008.07.20"]
[EventType "swiss"]
[EventRounds "9"]
[EventCountry "DEN"]
[Source "lmi"]
[SourceDate "2008.07.20"]
[WhiteTeam "Espergærde"]
[BlackTeam "Tårnet Svendborg"]

1. e4 c5 2. Nc3 e6 3. Bb5 a6 4. Bc4 b5 5. Be2 Nc6 6. d3 Nf6 7. Bg5 Be7 8. Bf3
Qc7 9. Nge2 Ne5 10. Bf4 Nxf3+ 11. gxf3 d6 12. d4 cxd4 13. Nb1 e5 14. Bg3 Bb7
15. c3 dxc3 16. Nbxc3 O-O 17. Rc1 Qa5 18. O-O Rac8 19. Kh1 b4 20. Na4 Nh5 21.
Rg1 f5 22. Rxc8 Rxc8 23. Bxe5 Qxe5 0-1

[Event "Politiken Cup 2008"]
[Site "Helsingør DEN"]
[Date "2008.07.22"]
[Round "5.115"]
[White "Rasmussen, Morten"]
[Black "Linnemann, Lars"]
[Result "1/2-1/2"]
[WhiteElo "1885"]
[BlackElo "1626"]
[PlyCount "96"]
[EventDate "2008.07.20"]
[EventType "swiss"]
[EventRounds "9"]
[EventCountry "DEN"]
[Source "lmi"]
[SourceDate "2008.07.20"]
[WhiteTeam "Enkeltmedlem"]
[BlackTeam "Øbro"]

1. d4 d5 2. c4 dxc4 3. Nf3 Bg4 4. e3 a6 5. Bxc4 e6 6. O-O Nf6 7. Qe2 Nbd7 8.
Rd1 b5 9. Bb3 c5 10. dxc5 Bxc5 11. e4 Qc7 12. Bg5 O-O 13. Nc3 h6 14. Bh4 Bd6
15. Bg3 Bxg3 16. hxg3 Ne5 17. Rac1 Qb6 18. a4 b4 19. Nb1 Rfd8 20. Nbd2 Nd3 21.
Rc2 Ne5 22. Nc4 Rxd1+ 23. Qxd1 Nxc4 24. Rxc4 Rd8 25. Qc2 Bh5 26. Nd2 Ng4 27.
Nf3 Bg6 28. Qe2 Kh7 29. Nh4 Bh5 30. Nf3 Ne5 31. Rc1 Rd3 32. Bc4 Nxf3+ 33. gxf3
Rxf3 34. Kf1 Rc3 35. Qd2 Rxc1+ 36. Qxc1 a5 37. Qc2 Bg6 38. Bd3 Qd4 39. f3 e5
40. Bc4 Qe3 41. Kg2 f6 42. Qd1 Qb6 43. Qd5 h5 44. Qg8+ Kh6 45. Qh8+ Kg5 46.
Qxg7 Qe3 47. Bf7 Qe2+ 48. Kg1 Qe1+ 1/2-1/2

[Event "Politiken Cup 2008"]
[Site "Helsingør DEN"]
[Date "2008.07.22"]
[Round "5.117"]
[White "Olsen, Kirkegaard"]
[Black "Lynge, Torben"]
[Result "0-1"]
[WhiteElo "1579"]
[BlackElo "1864"]
[PlyCount "46"]
[EventDate "2008.07.20"]
[EventType "swiss"]
[EventRounds "9"]
[EventCountry "DEN"]
[Source "lmi"]
[SourceDate "2008.07.20"]
[WhiteTeam "Evans"]
[BlackTeam "LVS"]

1. Nf3 d5 2. c4 Nf6 3. g3 Bf5 4. Bg2 e6 5. cxd5 exd5 6. Qb3 Qc8 7. Nc3 c6 8.
O-O Nbd7 9. d4 Bd6 10. Re1 O-O 11. e4 Nxe4 12. Nxe4 Bxe4 13. Bh3 Qc7 14. Rxe4
dxe4 15. Nd2 Nf6 16. Nc4 b5 17. Nxd6 Qxd6 18. Bf4 Qd5 19. Qb4 a5 20. Qe7 Rfe8
21. Qc7 h6 22. Rc1 Qh5 23. Kg2 Nd5 0-1